Movies Quiz

Random Movies or Letter Quiz
Score 0/24 Timer 06:00
2 Plays Today
Grid Location Movie % Correct
Pinocchio
90.8%
Pocahontas
85.3%
Pretty Woman
80.7%
Planet of the Apes
80.1%
The Parent Trap
78.7%
Paul Blart: Mall Cop
76.7%
The Pursuit of Happyness
75%
Precious
66.4%
The Polar Express
63.3%
The Passion of the Christ
63%
Phone Booth
61%
The Prince of Persia
60.5%
Grid Location Movie % Correct
Pitch Perfect
60.5%
Planes, Trains, and Automobiles
59.7%
The Proposal
58.4%
Pineapple Express
57.8%
Police Academy
57.6%
The Pacifier
52.9%
The Pelican Brief
43.7%
Pleasantville
40.4%
Pearl Harbor
27.6%
Patriot Games
25.1%
Poltergeist
25.1%
Planet Terror
18.6%
Remove Ads.
Support Sporcle.
Get the best of Sporcle when you Go Orange. This ad-free experience offers more features, more stats, and more fun while also helping to support Sporcle. Thank you for becoming a member.

You're not logged in!

Compare scores with friends on all Sporcle quizzes.
OR
Log In

Show Comments

Extras

Top Quizzes Today


Score Distribution

Your Account Isn't Verified!

In order to create a playlist on Sporcle, you need to verify the email address you used during registration. Go to your Sporcle Settings to finish the process.

Report this User

Report this user for behavior that violates our Community Guidelines.

Details: